Aktuální problémy cestovního ruchu : cestovní ruch - destinace - regionální rozvoj, 27. - 28. 2. 2013 Jihlava /

Korporativní autor: Vysoká škola polytechnická Jihlava. Katedra veřejné správy a regionálního rozvoje
Další autoři: Aktuální problémy cestovního ruchu, Šíp, Jiří, 1952-
Jazyk: Slovenština
Čeština
Angličtina
Vydáno: Jihlava : Vysoká škola polytechnická, [2013]
Témata:
Externí odkaz: Digitalizovaný dokument (2013)
Fyzický popis: 1 CD-ROM (293 stran) : ilustrace (některé barevné), mapy ; 12 cm
Language note: Částečně anglický a slovenský text, české, slovenské a anglické resumé
Knihy
Uloženo v:
LEADER 01939nam a2200457 i 4500
001 001536259
003 CZ BrMZK
005 20180925132311.0
006 m q d
007 co cg
008 160721s2013 xr ab eq 100 0 cze
020 |a 978-80-87035-70-2  |q (CDR) 
040 |a BOA001  |b cze  |e rda 
041 1 |a cze  |a eng  |a slo  |b cze  |b eng  |a slo 
072 7 |a 338.3/.4  |x Hospodářská a výrobní odvětví  |2 Konspekt  |9 4 
080 |a 338.48  |2 MRF 
080 |a 332.055.2  |2 MRF 
080 |a (062.534)  |2 MRF 
080 |a (0.034.44)  |2 MRF 
111 2 |a Aktuální problémy cestovního ruchu  |n (8. :  |d 2013 :  |c Jihlava, Česko)  |4 aut 
245 1 0 |a Aktuální problémy cestovního ruchu :  |b cestovní ruch - destinace - regionální rozvoj, 27. - 28. 2. 2013 Jihlava /  |c editor sborníku: Jiří Šíp 
246 3 0 |a Cestovní ruch - destinace - regionální rozvoj 
264 1 |a Jihlava :  |b Vysoká škola polytechnická,  |c [2013] 
300 |a 1 CD-ROM (293 stran) :  |b ilustrace (některé barevné), mapy ;  |c 12 cm 
336 |a text  |b txt  |2 rdacontent 
337 |a počítač  |b c  |2 rdamedia 
338 |a počítačový disk  |b cd  |2 rdacarrier 
347 |a textový soubor  |b PDF  |2 rda 
500 |a Název z titulní obrazovky 
504 |a Obsahuje bibliografie 
546 |a Částečně anglický a slovenský text, české, slovenské a anglické resumé 
650 0 7 |a cestovní ruch  |7 ph119113  |2 czenas 
650 0 7 |a regionální rozvoj  |7 ph125083  |2 czenas 
655 7 |a sborníky konferencí  |7 fd133333  |2 czenas 
655 7 |a CD-ROM  |7 fd133955  |2 czenas 
700 1 |a Šíp, Jiří,  |d 1952-  |7 jo2012694080  |4 edt 
710 2 |a Vysoká škola polytechnická Jihlava.  |b Katedra veřejné správy a regionálního rozvoje  |7 olak2015862110  |4 orm 
856 4 1 |u http://www.digitalniknihovna.cz/mzk/view/uuid:218884e6-6950-4afe-a6ec-53c489df02a7  |y Digitalizovaný dokument  |z 2013 
910 |a BOA001  |b CDR-1372.284 
990 |a BK 
991 |b 201609  |c NOV